000 00779nam a2200253Ia 4500
003 OSt
005 20220928101800.0
006 a|||||r|||| 00| 0
007 ta
008 220927b |||||||| |||| 00| 0 hin d
020 _a9788180315749
_cINR 160.00
024 _a146459
037 _bBR5693, 28/12/2021, Rajkamal Prakashan Pvt.Ltd.
_cTextual
040 _aSDCL
_cSDCL
_bhin
041 _2hin
_ahin
082 _aY:1.2'P, Q9
100 _aNarayan Badri
_9392052
245 0 _aLok sanskriti aur itihas
260 _aNew Delhi
_bLokbharati Prakashan
_c2019
300 _a126p.
_ccm.
650 _aHindi Journalism
_9391577
942 _hY:1.2'P, Q9
_cTEXL
_2CC
999 _c710733
_d710733